| 000 -ლიდერი |
| ფიქსირებული სიგრძის საკონტროლო ველი |
01658nam a2200241Ia 4500 |
| 001 - საკონტროლო ნომერი |
| საკონტროლო ველი |
19475 |
| 003 - საკონტროლო ნომრის იდენტიფიკატორი |
| საკონტროლო ველი |
GE_BSU |
| 005 - ბოლო ოპერაციის თარიღი და დრო |
| საკონტროლო ველი |
20210330135007.0 |
| 008 - ფიქსირებული სიგრძის მონაცემთა ელემენტები - ზოგადი ინფორმაცია |
| ფიქსირებული სიგრძის საკონტროლო ველი |
181216s2016||||ge |||||||||||||| ||geo|| |
| 040 ## - კატალოგიზაციის წყარო |
| Transcribing agency |
GE_BSU |
| 041 ## - ენის კოდი |
| Language code of text/sound track or separate title |
geo |
| 080 ## - უნივერსალური ათობითი კლასიფიკაციის ინდექსი |
| Universal Decimal Classification number |
51 ც-63 |
| 100 ## - მთავარი ჩანაწერი - პიროვნების სახელი |
| Personal name |
ცინარიძე, ნინო |
| 9 (RLIN) |
10406 |
| 245 ## - ცნობა სათაურის შესახებ |
| Title |
∑2(X,8)კლასის ნახევარმესერებით განსაზღვრული ბინარულ მიმართებათა სრული ნახევარჯგუფები / |
| Statement of responsibility, etc |
ნინო ცინარიძე; სამეცნიერო ხელმძღვანელი იაშა დიასამიძე; ბსუ, ფიზიკა-მათემატიკის და კომპიუტერულ მეცნიერებათა ფაკულტეტი. |
| 264 ## - წარმოების, გამოცემის, დისტრიბუციის და სხვა ცნობები |
| გამოცემის, წარმოების, დისტრიბუციის... ადგილი |
ბათუმი: |
| გამოცემის, წარმოების, დისტრიბუციის... სახელწოდება |
ბსუ, |
| გამოცემის, წარმოების, დისტრიბუციის... თარიღი |
2016. |
| 300 ## - ფიზიკური აღწერა |
| Extent |
328 გვ.; |
| Other physical details |
29 სმ. |
| 653 ## - INDEX TERM--UNCONTROLLED |
| Uncontrolled term |
∑2(X,8)კლასის ნახევარმესერებით განსაზღვრული ბინარულ მიმართებათა სრული ნახევარჯგუფები |
| 653 ## - INDEX TERM--UNCONTROLLED |
| Uncontrolled term |
დისერტაცია |
| 653 ## - INDEX TERM--UNCONTROLLED |
| Uncontrolled term |
მათემატიკა |
| 700 ## - ADDED ENTRY--PERSONAL NAME |
| Personal name |
დიასამიძე, იაშა |
| Relator term |
სამეცნიერო ხელმძღვანელი |
| 9 (RLIN) |
4093 |
| 710 ## - ADDED ENTRY--CORPORATE NAME |
| Corporate name or jurisdiction name as entry element |
ბსუ |
| Subordinate unit |
ფიზიკა-მათემატიკის და კომპიუტერულ მეცნიერებათა ფაკულტეტი |
| 9 (RLIN) |
10845 |
| 942 ## - ADDED ENTRY ELEMENTS (KOHA) |
| Koha item type |
წიგნი |
| Source of classification or shelving scheme |
|